All Table Tennis Serves - Statistics

General Stats
  • This quiz has been taken 9 times
  • The average score is 7 of 14
Answer Stats
Hint Answer % Correct
2 Backhand
100%
7 Tomahawk
100%
1 Forehand
88%
8 Pendulum
88%
4 Backspin
75%
3 Sidespin
63%
5 Topspin
63%
11 Kicker
38%
13 Float
25%
9 Flat
13%
6 Ghost
13%
14 High Toss
13%
12 Slice
13%
10 Underhand
13%
No matching quizzes found
Score Distribution
Percent of People with Each Score
Percentile by Number Answered
Your Score History
You have not taken this quiz